| 000 | 00894cam a2200229 a 4500 | ||
|---|---|---|---|
| 020 | _a047150937X | ||
| 040 | _cDLC | ||
| 082 | 0 | 0 | _a574 WIL 1991 A081 Or. |
| 245 | 0 | 0 |
_aPlant-animal interactions : _bevolutionary ecology in tropical and temperate regions / |
| 260 |
_aNew York : _bWiley, _cc1991. |
||
| 300 |
_axiv, 639 p. : _bill. ; _c25 cm. |
||
| 500 | _aBased on papers from an international symposium, held at UNICAMP (Campinas State University), Campinas, Brazil, 1988. | ||
| 500 | _a"A Wiley-Interscience publication." | ||
| 650 | 0 | _aAnimal-plant relationships | |
| 650 | 0 | _aEcology | |
| 650 | 0 | _aEvolution (Biology) | |
| 700 | 1 | _aPrice, Peter W. | |
| 856 | 4 | _uhttp://www.loc.gov/catdir/toc/onix02/90039766.html | |
| 856 | 4 | 2 | _uhttp://www.loc.gov/catdir/enhancements/fy0706/90039766-b.html |
| 856 | 4 | 2 | _uhttp://www.loc.gov/catdir/enhancements/fy0706/90039766-d.html |
| 942 | _cEK | ||
| 999 |
_c15753 _d15753 |
||